Statistics for Words ENDING in GH

Click here to take the quiz!

General Stats

  • This quiz has been taken 24 times
  • The average score is 6 of 15

Answer Stats

HintAnswer% Correct
CoarseRough
87%
Father Christmas TransportSleigh
78%
Pounds or Kilos?Weigh
65%
NearNigh
61%
Work the soil/landPlough
57%
On the narcotics?High
43%
Flu coming to an end?Cough
35%
Where the pigs nose is?Trough
35%
AlbeitAlthough
30%
Relieved or sad?Sigh
30%
London 32, New York 5Borough
26%
End of the impasse or stalemateBreakthrough
26%
For tasty bread use...Sourdough
26%
Bird speciesChough
13%
Irish cudgelShillelagh
4%

Score Distribution

Percentile by Number Answered

Percent of People with Each Score

Your Score History

You have not taken this quiz